[Event "Challenge"]
[Site "http://www.queenalice.com/game.php?id=1648177"]
[Date "2021.3.30"]
[Round "-"]
[White "Chessrookstwo"]
[Black "jamdeg00"]
[Result "1-0"]
[WhiteElo "1500"]
[BlackElo "1135"]

1. e4 e5 2. Nf3 Nc6 3. Bb5 Nd4 4. Nxd4 exd4 5. d3 c6 6. Bc4 Nh6 7. Bxh6 gxh6 8.
O-O d5 9. exd5 cxd5 10. Re1+ Be6 11. Bb5+ Ke7 12. Nd2 Qa5 13. c4 Kd8 14. Nb3 Qc7
15. Rc1 a6 16. Ba4 Qf4 17. Qe2 Bd6 18. g3 Qf5 19. c5 Be7 20. c6 bxc6 21. Rxc6
Bc8 22. Rec1 Bg5 23. Rd6+ Bd7 24. Nc5 Ra7 25. Bxd7 Bxc1 26. Bxf5+ Kc7 27. Qe7+
Kb8 28. Rb6+ Ka8 29. Rb7 1-0

[Event "AUTO-OPEN-4269"]
[Site "http://www.queenalice.com/game.php?id=1648178"]
[Date "2021.3.30"]
[Round "1"]
[White "BobFicha"]
[Black "Chessrookstwo"]
[Result "1-0"]
[WhiteElo "1791"]
[BlackElo "1347"]

1. e4 e5 2. Nf3 Nc6 3. Bc4 h6 4. O-O Nf6 5. Re1 d5 6. exd5 Nxd5 7. Nxe5 Be6 8.
Nxc6 bxc6 9. d3 Bc5 10. d4 Bb6 11. c3 Qd7 12. Bd3 O-O 13. g3 Nf6 14. Be3 Bh3 15.
Nd2 Ng4 16. Bf4 c5 17. f3 Nf6 18. g4 cxd4 19. Ne4 Nxe4 20. Bxe4 Rad8 21. Kh1
dxc3 22. Qxd7 Rxd7 23. bxc3 Bf2 24. Re2 Rfd8 25. Bc2 Rd2 26. Bxd2 Bh4 27. Be1
Bg5 28. Bg3 Kf8 29. Bxc7 Rd7 30. Rae1 Be7 31. Bd6 1-0

[Event "AUTO-OPEN-4269"]
[Site "http://www.queenalice.com/game.php?id=1648179"]
[Date "2021.3.30"]
[Round "1"]
[White "Chessrookstwo"]
[Black "BobFicha"]
[Result "0-1"]
[WhiteElo "1347"]
[BlackElo "1789"]

1. e4 e5 2. Nf3 d6 3. Nc3 Nf6 4. Bc4 h6 5. d3 Nc6 6. O-O Bg4 7. h3 Bh5 8. Nd5
Na5 9. b4 Nxc4 10. dxc4 Nxe4 11. Re1 Nf6 12. a4 c6 13. Nc3 Be7 14. Bb2 O-O 15.
Ne4 Nxe4 16. a5 Bxf3 17. Qxf3 Ng5 18. Qh5 b6 19. a6 b5 20. c5 dxc5 21. Bxe5 cxb4
22. Qg4 f6 23. Bf4 Re8 24. Bxg5 fxg5 25. Qe6+ Kh8 26. Qxc6 Rb8 27. Red1 Qc8 28.
Qe4 Bf6 29. Qxb4 Bxa1 30. Rxa1 Qxc2 31. Qd6 b4 32. Qd5 b3 33. Rd1 b2 34. Kh2
b1=Q 35. Rxb1 Rxb1 0-1

[Event "AUTO-OPEN-4269"]
[Site "http://www.queenalice.com/game.php?id=1648208"]
[Date "2021.3.30"]
[Round "1"]
[White "Chessrookstwo"]
[Black "APSHOOTER"]
[Result "0-1"]
[WhiteElo "1380"]
[BlackElo "1583"]

1. e4 e5 2. Nf3 d6 3. Nc3 a6 4. Bc4 h6 5. O-O Bg4 6. Be2 Nc6 7. a3 Nf6 8. d3
Bxf3 9. Bxf3 Nd4 10. Be3 Nxf3+ 11. Qxf3 Be7 12. d4 Qd7 13. Rfd1 O-O-O 14. dxe5
Ne8 15. Nd5 Qe6 16. Bd4 dxe5 17. Bc3 Nf6 18. b4 Rd6 19. Qe3 Kb8 20. Qc5 Nxd5 21.
Bd2 Nf4 22. Qe3 Bg5 23. Rab1 Nh3+ 24. Kf1 Bxe3 25. Bxe3 Rxd1+ 26. Rxd1 Qc4+ 27.
Rd3 Nf4 0-1

[Event "AUTO-OPEN-4269"]
[Site "http://www.queenalice.com/game.php?id=1648209"]
[Date "2021.3.30"]
[Round "1"]
[White "APSHOOTER"]
[Black "Chessrookstwo"]
[Result "1-0"]
[WhiteElo "1574"]
[BlackElo "1400"]

1. e4 e5 2. Bc4 Nf6 3. d3 Nc6 4. a3 Bc5 5. h3 O-O 6. Nc3 a6 7. Nf3 h6 8. Qe2 d6
9. Be3 Na5 10. O-O-O Nxc4 11. Bxc5 Nb6 12. Bxb6 cxb6 13. Nd5 Nxd5 14. exd5 b5
15. d4 exd4 16. Rxd4 Re8 17. Re4 Bf5 18. Rxe8+ Qxe8 19. Re1 Kf8 20. Qxe8+ Rxe8
21. Rxe8+ Kxe8 22. b3 g5 23. Nd4 Be4 24. f3 Bg6 25. g3 Kd7 26. Kd2 h5 27. c3 f5
28. Ke3 1-0

[Event "AUTO-OPEN-4269"]
[Site "http://www.queenalice.com/game.php?id=1648210"]
[Date "2021.3.30"]
[Round "1"]
[White "Chessrookstwo"]
[Black "carlitomontana93270"]
[Result "0-1"]
[WhiteElo "1363"]
[BlackElo "1770"]

1. e4 c5 2. Nc3 e6 3. Nf3 d6 4. Bc4 Nf6 5. d4 Be7 6. d5 O-O 7. O-O Bd7 8. Re1 a6
9. Bg5 exd5 10. exd5 b5 11. Be2 Bg4 12. Bxf6 Bxf6 13. Nd2 Bxe2 14. Nxe2 Bxb2 15.
Rb1 Bf6 16. c4 bxc4 17. Nxc4 Re8 18. Nf4 Nd7 19. Nxd6 Rxe1+ 20. Qxe1 Nb6 21. Ne4
Bd4 22. Rxb6 Qxb6 23. Ng5 Qf6 24. Nxh7 Qxf4 0-1

[Event "AUTO-OPEN-4269"]
[Site "http://www.queenalice.com/game.php?id=1648211"]
[Date "2021.3.30"]
[Round "1"]
[White "carlitomontana93270"]
[Black "Chessrookstwo"]
[Result "1-0"]
[WhiteElo "1776"]
[BlackElo "1363"]

1. c4 Nc6 2. e3 e5 3. d3 Nf6 4. Nf3 d5 5. cxd5 Nxd5 6. Be2 Bb4+ 7. Bd2 O-O 8.
O-O Bxd2 9. Nbxd2 Re8 10. e4 Nf6 11. b3 Nd4 12. Nxd4 exd4 13. Nf3 Bg4 14. h3
Bxf3 15. Bxf3 Rc8 16. Re1 b6 17. Bg4 Nxg4 18. Qxg4 c5 19. a3 Re6 20. b4 Rg6 21.
Qf3 Rf6 22. Qe2 Qd6 23. bxc5 Rxc5 24. Qg4 1-0

[Event "AUTO-INT-3655"]
[Site "http://www.queenalice.com/game.php?id=1648395"]
[Date "2021.4.1"]
[Round "1"]
[White "Chessrookstwo"]
[Black "carlitomontana93270"]
[Result "0-1"]
[WhiteElo "1363"]
[BlackElo "1768"]

1. d4 e6 2. e4 c5 3. Nf3 d6 4. d5 Nf6 5. Nc3 Be7 6. Bc4 O-O 7. O-O Bd7 8. dxe6
Bxe6 9. Bxe6 fxe6 10. Bg5 Nbd7 11. Bxf6 Nxf6 12. b3 Qa5 13. Ne2 Nd7 14. c4 Bf6
15. Rb1 Qb6 16. e5 Nxe5 17. Nxe5 Bxe5 18. Qd3 Rad8 19. f3 d5 20. Rfd1 Qd6 21.
cxd5 exd5 0-1

[Event "AUTO-INT-3655"]
[Site "http://www.queenalice.com/game.php?id=1648396"]
[Date "2021.4.1"]
[Round "1"]
[White "carlitomontana93270"]
[Black "Chessrookstwo"]
[Result "1-0"]
[WhiteElo "1774"]
[BlackElo "1363"]

1. c4 e5 2. d3 Nf6 3. Nf3 Nc6 4. e3 d5 5. cxd5 Nxd5 6. Be2 Bg4 7. O-O Nf6 8. Nc3
Bb4 9. h3 Bh5 10. a3 Bxc3 11. bxc3 O-O 12. Nh2 Bxe2 13. Qxe2 Nd5 14. Bd2 Nce7
15. e4 Nf6 16. Bg5 Qd6 17. Bxf6 Qxf6 18. Nf3 Rad8 19. Rfd1 Nc6 20. Rab1 Rd6 21.
Rxb7 Rc8 22. Rb2 Rcd8 23. Rbd2 1-0